00523nam a22001577a 4500010001100000035001100011037001800022040001200040082001500052100002800067245013200095260004200227270005500269300002200324500001900346 a928838 a928838 bCen Lib / Ret aDPLbEN a954.1bBHA aKrishna Praksh Bahadur  aCaste, tribe & culture of India Vol. 6 Haryana, Himachal Pradesh, Punjab, Jammu & Kashmir and Sikkim /cKrishna Prakash Bahadur aNew DelhibEss Ess Publicationsc1978 a4837/24, daryaganj, Ansari RoadbNew Delhie110002 av. 6, 187pc22cm. aIncludes index